South Eastern Kenya University

Library Online Public Access Catalogue


Sampling techniques / (Record no. 716)

MARC details
000 -LEADER
fixed length control field 00551pam a2200181 i 4500
020 ## - INTERNATIONAL STANDARD BOOK NUMBER
International Standard Book Number 047116240X
050 00 - LIBRARY OF CONGRESS CALL NUMBER
Classification number QA276.6
Item number .C6 1977
100 1# - MAIN ENTRY--PERSONAL NAME
Personal name Cochran, William Gemmell,
Dates associated with a name 1909-
245 10 - TITLE STATEMENT
Title Sampling techniques /
Statement of responsibility, etc. William G. Cochran.
250 ## - EDITION STATEMENT
Edition statement 3d ed.
260 ## - PUBLICATION, DISTRIBUTION, ETC. (IMPRINT)
Place of publication, distribution, etc. New York :
Name of publisher, distributor, etc. Wiley,
Date of publication, distribution, etc. c1977.
300 ## - PHYSICAL DESCRIPTION
Extent xvi, 428 p. :
500 ## - GENERAL NOTE
General note Includes indexes.
650 #0 - SUBJECT ADDED ENTRY--TOPICAL TERM
General subdivision sampling -statistics
856 42 - ELECTRONIC LOCATION AND ACCESS
Uniform Resource Identifier <a href="http://www.loc.gov/catdir/description/wiley037/77000728.html">http://www.loc.gov/catdir/description/wiley037/77000728.html</a>
856 4# - ELECTRONIC LOCATION AND ACCESS
Uniform Resource Identifier <a href="http://www.loc.gov/catdir/toc/onix03/77000728.html">http://www.loc.gov/catdir/toc/onix03/77000728.html</a>
942 ## - ADDED ENTRY ELEMENTS (KOHA)
Koha item type Shortloan 2
Holdings
Withdrawn status Lost status Source of classification or shelving scheme Damaged status Not for loan Home library Current library Date acquired Cost, normal purchase price Total Checkouts Full call number Barcode Date last seen Date last checked out Cost, replacement price Koha item type Public note
    Library of Congress Classification     Main Campus Library Main Campus Library 12/08/2014 2550.00 12 QA276.6 .C6 1977 2017/019641 15/11/2018 29/10/2018 3050.00 Shortloan JM
    Library of Congress Classification     Main Campus Library Main Campus Library 12/08/2014 2550.00 7 QA276.6 .C6 1977 2017/019737 25/01/2023 13/12/2022 3050.00 General circulation JM
Kitui, Kenya.
+254736116989
library@seku.ac.ke